| 000 | 00643nam a22002057a 4500 | ||
|---|---|---|---|
| 003 | BUBTL | ||
| 008 | 160904b xxu||||| |||| 00| 0 eng d | ||
| 082 | _a515.43 / MOT | ||
| 100 |
_9842 _aMohammad,Khosh |
||
| 245 |
_aA Text Book On Integral Calculus( With Differential Equations) / _cKhosh Mohammad, P.K. Bhattacharjee, Md.Abdul Latif |
||
| 250 | _a6th ed. | ||
| 260 |
_aDhaka : _bNew Book Palace, _cc2017 |
||
| 300 |
_axii,504 p. : _c24 cm. |
||
| 650 | 0 |
_9124 _aMathematics |
|
| 700 |
_92168 _aBhattacharjee, P.K. |
||
| 700 |
_92169 _aLatif,Md.Abdul |
||
| 856 |
_k0 _l0 _yDownload |
||
| 942 |
_2ddc _cBK |
||
| 999 |
_c5913 _d5913 |
||